000 00484nam a2200181Ia 4500
003 GCL
008 140319s9999 xx 000 0 ara d
040 _aGCL /
_cGCL
082 0 4 _a322.42
_bم ع
100 1 _aمحمود مراد
245 1 0 _aالعرب والارهاب /
_cمحمود مراد
300 _a154 ص
490 _a100 قصة
_v0
650 0 4 _aالعالم العربى
650 0 4 _aالاحوال السياسية
650 0 4 _aالارهاب
942 _2ddc
_cBK
999 _c43819
_d43819